Verbs Past 1 - Statistics

General Stats
  • This quiz has been taken 32 times
  • The average score is 14 of 15
Answer Stats
Hint Answer % Correct
Cook Cooked
100%
Walk Walked
100%
Eat Ate
96%
Drive Drove
96%
Sell Sold
96%
Speak Spoke
96%
Think Thought
96%
Work Worked
96%
Buy Bought
93%
Clean Cleaned
93%
Read Read
93%
Sleep Slept
93%
Write Wrote
93%
Drink Drank
89%
Go Went
89%
No matching quizzes found
Score Distribution
Percent of People with Each Score
Percentile by Number Answered
Your Score History
You have not taken this quiz